Départements Français par Numéro - Statistiques

Statistiques générales
  • Ce quiz a été pris 258 fois
    132 depuis la dernière actualisation
  • Le résultat moyen est 55 sur 101
Statistiques - réponses
Numéro Département % Correct
01 Ain
98%
02 Aisne
86%
03 Allier
83%
2A Corse-du-Sud
78%
2B Haute-Corse
78%
06 Alpes-Maritimes
77%
13 Bouches-du-Rhône
75%
04 Alpes de Haute-Provence
73%
11 Aude
73%
05 Hautes-Alpes
73%
07 Ardèche
70%
10 Aube
70%
12 Aveyron
67%
75 Paris
67%
16 Charente
63%
25 Doubs
63%
69 Rhône
63%
08 Ardennes
61%
09 Ariège
61%
14 Calvados
61%
15 Cantal
61%
18 Cher
61%
17 Charente-Maritime
61%
24 Dordogne
61%
30 Gard
61%
34 Hérault
61%
23 Creuse
59%
33 Gironde
59%
971 Guadeloupe
59%
31 Haute-Garonne
59%
37 Indre-et-Loire
59%
974 La Réunion
59%
42 Loire
59%
972 Martinique
59%
19 Corrèze
58%
21 Côte-d'Or
58%
32 Gers
58%
973 Guyane
58%
36 Indre
58%
44 Loire-Atlantique
58%
976 Mayotte
58%
22 Côtes d'Armor
56%
26 Drôme
56%
38 Isère
56%
45 Loiret
56%
28 Eure-et-Loir
55%
29 Finistère
55%
43 Haute-Loire
55%
39 Jura
55%
93 Seine-Saint-Denis
55%
27 Eure
53%
46 Lot
53%
59 Nord
53%
74 Haute-Savoie
52%
47 Lot-et-Garonne
52%
73 Savoie
52%
63 Puy-de-Dôme
50%
35 Ille-et-Vilaine
48%
65 Hautes-Pyrénées
48%
60 Oise
48%
64 Pyrénées-Atlantiques
48%
66 Pyrénées-Orientales
48%
83 Var
48%
78 Yvelines
48%
40 Landes
47%
49 Maine-et-Loire
47%
62 Pas-de-Calais
47%
77 Seine-et-Marne
47%
68 Haut-Rhin
45%
50 Manche
45%
54 Meurthe-et-Moselle
45%
61 Orne
45%
94 Val-de-Marne
45%
84 Vaucluse
45%
67 Bas-Rhin
44%
48 Lozère
44%
51 Marne
44%
81 Tarn
44%
52 Haute-Marne
42%
70 Haute-Saône
42%
41 Loir-et-Cher
42%
53 Mayenne
42%
56 Morbihan
42%
57 Moselle
42%
58 Nièvre
42%
72 Sarthe
42%
76 Seine-Maritime
42%
82 Tarn-et-Garonne
42%
95 Val-d'Oise
42%
92 Hauts-de-Seine
41%
55 Meuse
41%
71 Saône-et-Loire
41%
90 Territoire-de-Belfort
41%
85 Vendée
41%
88 Vosges
41%
91 Essone
38%
87 Haute-Vienne
38%
80 Somme
38%
86 Vienne
38%
89 Yonne
38%
79 Deux-Sèvres
34%
Aucun quiz correspondant
Distribution des résultats
% des personnes avec chaque résultat
Percentile par nombre de réponses
Votre historique - résultats
Vous n’avez pas pris ce quiz depuis la dernière actualisation